000 00984nam a22003257a 4500
001 0041300
003 KOHA_MİRAKIL
005 20260207003231.0
007 ta
008 130821b2011 tu a|||gr||||#||||0|tur |
020 _a9789750215988
040 _aTR-BiSEU
_btur
_cTR-BiSEU
_erda
041 0 _atur
044 _ctu
050 _aTK454
_b.S45 2011
100 1 _aSelek, Hasan Selçuk.
245 1 _aMeslek yüksekokulları ve fakülteleri için doğru akım (DC) devre analizi/
_cHasan Selçuk Selek ; Hasan Selçuk Selek.
250 _a4. bs.
264 1 _aAnkara :
_bSeçkin
_c2011
300 _a287 sayfa :
_bresimli ;
_c24 cm.
336 _ametin
_btxt
_2rdacontent
337 _aaracısız
_bn
_2rdamedia
338 _acilt
_bnc
_2rdacarrier
490 1 _aTeknik kitaplar dizisi ;
_v15
500 _aKaynakça var.
650 0 _aElektrik evreleri.
_94316
650 0 _aDoğru akım.
_94317
830 1 _aTeknik kitaplar dizisi ;
_v15
_959471
942 _2lcc
_cBK
999 _c41156
_d41156